Great Eastern Hotel Company Ltd v John Laing Construction Ltd and Laing Construction Plc (Record no. 75093)
[ view plain ]
| 000 -LEADER | |
|---|---|
| fixed length control field | 01579cab a2200193 4500 |
| 001 - CONTROL NUMBER | |
| control field | L129378 |
| 008 - FIXED-LENGTH DATA ELEMENTS--GENERAL INFORMATION | |
| fixed length control field | 050414n2005 000 0 eng u |
| 035 ## - SYSTEM CONTROL NUMBER | |
| System control number | (Sirsi) u129378 |
| 041 ## - LANGUAGE CODE | |
| Language code of text/sound track or separate title | eng |
| 245 ## - TITLE STATEMENT | |
| Title | Great Eastern Hotel Company Ltd v John Laing Construction Ltd and Laing Construction Plc |
| 260 ## - PUBLICATION, DISTRIBUTION, ETC. | |
| Date of publication, distribution, etc. | 2005 |
| 520 ## - SUMMARY, ETC. | |
| Summary, etc. | [2005] EWHC 181 (TCC), 24 February 2005. Claimant (G) claimed damages from John Laing Construction Ltd (L) and Laing Construction plc for breaches of the Construction Management Agreement (CMA) between the parties on 30 April 1998. This was for L's alleged misconduct as construction manager of the project which had delayed it by about 44 calendar weeks. L defended itself by alleging that G made misrepresentations when it entered into the CMA and sought damages under the Misrepresentation Act 1967. Case centred upon whether a construction manager was liable for organising trade contractors and could therefore be responsible for losses that occurred when they did not perform properly. The judge condemned L over its performance of the scheme and criticised Tony Caletka, L's expert witness. Ruling in favour of G means that L will have to pay damages of more than £10m, although it may appeal. |
| 590 ## - LOCAL NOTE (RLIN) | |
| Local note | IKA150405 |
| 650 ## - SUBJECT ADDED ENTRY--TOPICAL TERM | |
| Topical term or geographic name entry element | GREAT EASTERN HOTEL COMPANY LTD V JOHN LAING CONSTRUCTION LTD AND ANOTHER |
| 650 ## - SUBJECT ADDED ENTRY--TOPICAL TERM | |
| Topical term or geographic name entry element | MISREPRESENTATION ACT 1967 |
| 690 ## - LOCAL SUBJECT ADDED ENTRY--TOPICAL TERM (OCLC, RLIN) | |
| Topical term or geographic name as entry element | BUILT ENVIRONMENT-CONSTRUCTION MANAGEMENT |
| 856 ## - ELECTRONIC LOCATION AND ACCESS | |
| Uniform Resource Identifier | <a href="https://www.bailii.org/ew/cases/EWHC/TCC/2005/181.html">https://www.bailii.org/ew/cases/EWHC/TCC/2005/181.html</a> |
| Public note | View this item free of charge at www.bailii.org |
| 942 ## - ADDED ENTRY ELEMENTS (KOHA) | |
| Suppress in OPAC | 0 |
| Withdrawn status | Lost status | Source of classification or shelving scheme | Damaged status | Not for loan | Home library | Current library | Shelving location | Date acquired | Total Checkouts | Full call number | Barcode | Date last seen | Copy number | Price effective from | Koha item type |
|---|---|---|---|---|---|---|---|---|---|---|---|---|---|---|---|
| Dewey Decimal Classification | Virtual | Virtual | Online | 14/04/2005 | ONLINE PUBLICATION | 129378-2001 | 06/08/2019 | 1 | 06/08/2019 | Law report |